Largest Cities in Austria - Statistics

General Stats
  • This quiz has been taken 121 times
  • The average score is 5 of 6
Answer Stats
Answer % Correct
Vienna
100%
Salzburg
96%
Graz
94%
Innsbruck
90%
Linz
85%
Klagenfurt
46%
No matching quizzes found
Score Distribution
Percent of People with Each Score
Percentile by Number Answered
Your Score History
You have not taken this quiz